• 首页
  • 本馆介绍
  • 公告通知
  • 最新文献
  • 馆藏检索
  • 电子资源
  • 读者导购
  • 参考咨询
  • 我的图书馆
  • 登录
  • 详细信息显示
  • 放入我的书架
  • 预约/预借图书
  • 作者相关作品
  • 分类相关作品
  • 丛书相关作品
  • 出版社相关作品

书目信息

  • 表格格式
  • 工作单格式
  • 卡片格式
题名:
琴法名师指点
    
 
作者: 谌弟雍 编著
分册:  
出版信息: 长沙   湖南电子音像出版社  2002
页数: 170页
开本: 30cm
丛书名: 中国艺术教育特长培训
单 册:
中图分类: J624.16 , J624.26 , J624
科图分类:
主题词: 钢琴--奏法--基本知识 , 风琴--奏法--基本知识 , 钢琴 , 奏法 , 风琴
电子资源:
ISBN: 7-88479-220-6
000 00948oam2 2200337 450
001 1531512586
005 20150118084603.34
010    @a7-88479-220-6@dCNY32.00
100    @a20020524d2002 em y0chiy0110 ea
101 0  @achi
102    @aCN@b430000
105    @aag z 000yy
200 1  @a琴法名师指点@9qin fa ming shi zhi dian@f谌弟雍编著
210    @a长沙@c湖南电子音像出版社@d2002
215    @a170页@c图@d30cm@e光盘1片
225 2  @a中国艺术教育特长培训
300    @a“十五”国家重点音像出版物规划项目
306    @a与湖南出版集团联合出版
307    @a附光盘:ISRC CN-F10-01-0190-0
461  0 @12001 @a中国艺术教育特长培训
606 0  @a钢琴@x奏法@x基本知识
606 0  @a风琴@x奏法@x基本知识
606 0  @a钢琴
606 0  @a奏法
606 0  @a风琴
690    @aJ624.16@v5
690    @aJ624.26@v5
690    @aJ624@v4
701  0 @a谌弟雍@9chen di yong@4编著
801  0 @aCN@bTSSF@c20150118
905    @aZUCC@dJ624@eJY122
    
    琴法名师指点/谌弟雍编著.-长沙:湖南电子音像出版社,2002
    170页:图;30cm+光盘1片.-(中国艺术教育特长培训)
    “十五”国家重点音像出版物规划项目
    
    ISBN 7-88479-220-6:CNY32.00
    
●
相关链接 在E读中查询图书 在五车中查询图书 在当当中查询图书 在豆瓣中查询图书


正题名:琴法名师指点     索取号:J624/JY122         预约/预借

序号 登录号 条形码 馆藏地/架位号 状态 备注
1 7853504   278535042   学院路分馆/ [索取号:J624/JY122] 在馆    
唐山师范学院图书馆 欢迎您!
大连网信软件有限公司© 版权所有